Gregussisporites, a new spore genus from Albian sediments

Elmentve itt :
Bibliográfiai részletek
Szerzők: Juhász Miklós
Smirnova S. B.
Dokumentumtípus: Cikk
Megjelent: 1985
Sorozat:Acta biologica 31 No. 1-4
Kulcsszavak:Természettudomány
Online Access:http://acta.bibl.u-szeged.hu/22043
LEADER 00651nab a2200193 i 4500
001 acta22043
005 20210526133110.0
008 161015s1985 hu o 0|| eng d
022 |a 0563-0592 
040 |a SZTE Egyetemi Kiadványok Repozitórium  |b hun 
041 |a eng 
100 1 |a Juhász Miklós 
245 1 0 |a Gregussisporites, a new spore genus from Albian sediments  |h [elektronikus dokumentum] /  |c  Juhász Miklós 
260 |c 1985 
300 |a 217-219 
490 0 |a Acta biologica  |v 31 No. 1-4 
695 |a Természettudomány 
700 0 1 |a Smirnova S. B.  |e aut 
856 4 0 |u http://acta.bibl.u-szeged.hu/22043/1/biologica_031_217-219.pdf  |z Dokumentum-elérés